000 00445nam a2200181Ia 4500
008 151018s9999 xx 000 0 und d
082 _bRBASDV39356
_a824
100 _aSwarajbrata Sengupta
245 _aSinhs & symbols
250 _b1
260 _bRediance
_c2002
300 _a167
600 _aSwarajbrata Sengupta
630 _aSinhs & symbols
700 _aSwarajbrata Sengupta
730 _aSinhs & symbols
942 _cBOOK
999 _c1038659
_d1038656